Three-dimensional chitin-based scaffolds from Verongida sponges (Demospongiae: Porifera): part II, biomimetic potential and applications

Saved in:
Bibliographic Details
Main Authors: Ehrlich, Hermann (Author) , Steck, Eric (Author) , Ilan, Micha (Author)
Other Authors: Maldonando, Manuel (Other) , Muricy, Guilherme (Other) , Bavestrello, Giorgio (Other) , Kljajic, Zoran (Other) , Carballo, José L. (Other) , Schupp, Peter (Other) , Richter, Wiltrud (Other)
Format: Article (Journal)
Language:English
Published: 2010
In: International journal of biological macromolecules
Year: 2010, Volume: 47, Issue: 2, Pages: 141-145
ISSN:0141-8130
Online Access:Verlag, Abstract: http://www.sciencedirect.com/science/article/pii/S0141813010001637
Get full text
Author Notes:H. Ehrlich, E. Steck, M. Ilan, M. Maldonado, G. Muricy, G. Bavestrello, Z. Kljajic, J.L. Carballo, P. Schupp, ..., W. Richter

MARC

LEADER 00000caa a2200000 c 4500
001 737514949
003 DE-627
005 20240717191824.0
007 tu
008 130304s2010 xx ||||| 00| ||eng c
035 |a (DE-627)737514949 
035 |a (DE-576)9737514947 
035 |a (DE-599)GBV737514949 
035 |a (OCoLC)1389822897 
040 |a DE-627  |b ger  |c DE-627  |e rakwb 
041 |a eng 
084 |a 33  |2 sdnb 
100 1 |a Ehrlich, Hermann  |d 1957-  |0 (DE-588)1121925340  |0 (DE-627)875012019  |0 (DE-576)48103899X  |4 aut 
245 1 0 |a Three-dimensional chitin-based scaffolds from Verongida sponges (Demospongiae: Porifera)  |b part II, biomimetic potential and applications  |c H. Ehrlich, E. Steck, M. Ilan, M. Maldonado, G. Muricy, G. Bavestrello, Z. Kljajic, J.L. Carballo, P. Schupp, ..., W. Richter 
264 1 |c 2010 
300 |a 5 
336 |a Text  |b txt  |2 rdacontent 
337 |a ohne Hilfsmittel zu benutzen  |b n  |2 rdamedia 
338 |a Band  |b nc  |2 rdacarrier 
700 1 |a Steck, Eric  |0 (DE-588)1093612452  |0 (DE-627)85381354X  |0 (DE-576)462744507  |4 aut 
700 1 |a Ilan, Micha  |4 aut 
700 1 |a Maldonando, Manuel  |4 oth 
700 1 |a Muricy, Guilherme  |4 oth 
700 1 |a Bavestrello, Giorgio  |4 oth 
700 1 |a Kljajic, Zoran  |4 oth 
700 1 |a Carballo, José L.  |4 oth 
700 1 |a Schupp, Peter  |4 oth 
700 1 |a Richter, Wiltrud  |0 (DE-588)1012822842  |0 (DE-627)704910780  |0 (DE-576)345982118  |4 oth 
773 0 8 |i In  |t International journal of biological macromolecules  |d Guilford : Butterworth-Heinemann, 1979  |g 47(2010), 2, Seite 141-145  |w (DE-627)129859893  |w (DE-600)282732-3  |w (DE-576)015168255  |x 0141-8130  |7 nnas  |a Three-dimensional chitin-based scaffolds from Verongida sponges (Demospongiae: Porifera) part II, biomimetic potential and applications 
773 1 8 |g volume:47  |g year:2010  |g number:2  |g pages:141-145  |g extent:5  |a Three-dimensional chitin-based scaffolds from Verongida sponges (Demospongiae: Porifera) part II, biomimetic potential and applications 
776 0 8 |i Erscheint auch als  |n Online-Ausgabe  |a Ehrlich, Hermann, 1957 -   |t Three-dimensional chitin-based scaffolds from Verongida sponges (Demospongiae: Porifera)  |d 2010  |w (DE-627)1837948410 
856 4 2 |u http://www.sciencedirect.com/science/article/pii/S0141813010001637  |x Verlag  |y Abstract 
951 |a AR 
992 |a 20230302 
993 |a Article 
998 |g 1012822842  |a Richter, Wiltrud  |m 1012822842:Richter, Wiltrud  |d 910000  |d 911460  |e 910000PR1012822842  |e 911460PR1012822842  |k 0/910000/  |k 1/910000/911460/  |p 29  |y j 
999 |a KXP-PPN737514949  |e 4282535210 
BIB |a Y 
SER |a journal 
JSO |a {"type":{"bibl":"article-journal"},"physDesc":[{"extent":"5 S."}],"relHost":[{"disp":"Three-dimensional chitin-based scaffolds from Verongida sponges (Demospongiae: Porifera) part II, biomimetic potential and applicationsInternational journal of biological macromolecules","part":{"text":"47(2010), 2, Seite 141-145","issue":"2","extent":"5","year":"2010","pages":"141-145","volume":"47"},"id":{"eki":["129859893"],"issn":["0141-8130"],"zdb":["282732-3"]},"titleAlt":[{"title":"Biological macromolecules"}],"title":[{"title_sort":"International journal of biological macromolecules","subtitle":"structure, function and interactions","title":"International journal of biological macromolecules"}],"language":["eng"],"origin":[{"publisherPlace":"Guilford ; Guilford","publisher":"Butterworth-Heinemann ; IPC Science and Technology Press","dateIssuedDisp":"1979-","dateIssuedKey":"1979"}],"recId":"129859893","pubHistory":["1.1979 - 51.2012; volume 52 (January 2013)-"],"type":{"bibl":"periodical"}}],"recId":"737514949","person":[{"display":"Ehrlich, Hermann","given":"Hermann","role":"aut","family":"Ehrlich"},{"display":"Steck, Eric","given":"Eric","family":"Steck","role":"aut"},{"family":"Ilan","role":"aut","display":"Ilan, Micha","given":"Micha"},{"family":"Maldonando","role":"oth","display":"Maldonando, Manuel","given":"Manuel"},{"given":"Guilherme","display":"Muricy, Guilherme","family":"Muricy","role":"oth"},{"role":"oth","family":"Bavestrello","given":"Giorgio","display":"Bavestrello, Giorgio"},{"given":"Zoran","display":"Kljajic, Zoran","family":"Kljajic","role":"oth"},{"family":"Carballo","role":"oth","given":"José L.","display":"Carballo, José L."},{"family":"Schupp","role":"oth","display":"Schupp, Peter","given":"Peter"},{"role":"oth","family":"Richter","given":"Wiltrud","display":"Richter, Wiltrud"}],"name":{"displayForm":["H. Ehrlich, E. Steck, M. Ilan, M. Maldonado, G. Muricy, G. Bavestrello, Z. Kljajic, J.L. Carballo, P. Schupp, ..., W. Richter"]},"origin":[{"dateIssuedKey":"2010","dateIssuedDisp":"2010"}],"language":["eng"],"title":[{"title":"Three-dimensional chitin-based scaffolds from Verongida sponges (Demospongiae: Porifera)","subtitle":"part II, biomimetic potential and applications","title_sort":"Three-dimensional chitin-based scaffolds from Verongida sponges (Demospongiae: Porifera)"}],"id":{"eki":["737514949"]}} 
SRT |a EHRLICHHERTHREEDIMEN2010